| 000 | 01679nam a2200337 a 4500 | ||
|---|---|---|---|
| 001 | ebr10480941 | ||
| 003 | CaPaEBR | ||
| 006 | m u | ||
| 007 | cr cn||||||||| | ||
| 008 | 110715s2011 flu s 000 0 eng d | ||
| 040 |
_aCaPaEBR _cCaPaEBR |
||
| 035 | _a(OCoLC)769114549 | ||
| 050 | 1 | 4 |
_aML40.L66 _bR63 2011eb |
| 245 | 0 | 0 |
_aRodelinda, queen of the Lombards _h[electronic resource] = _bRodelinda, Regina de' Longobardi : opera in Italian in three acts : premiere, London, 1725 / _cadapted from the Opera journeys lecture series by Burton D. Fisher. |
| 260 |
_a[Boca Raton, Fla.] : _bOpera Journeys Pub., _c2011. |
||
| 300 | _a15 p. | ||
| 490 | 0 | _aOpera journeys mini guide series | |
| 500 | _a"Music by George Frederic Handel ; libretto, Antonio Salvi and Nicola Francesco Haym, after Pertharite, Roi des Lombards (1652), a play by Pierre Corneille (1606-1684)." | ||
| 500 | _a"Adapted from the Opera journeys lecture series by Burton D. Fisher." | ||
| 533 |
_aElectronic reproduction. _bPalo Alto, Calif. : _cebrary, _d2011. _nAvailable via World Wide Web. _nAccess may be limited to ebrary affiliated libraries. |
||
| 600 | 1 | 0 |
_aHandel, George Frideric, _d1685-1759. _tRodelinda. |
| 650 | 0 | _aOpera programs. | |
| 655 | 7 |
_aElectronic books. _2local |
|
| 700 | 1 | _aFisher, Burton D. | |
| 700 | 1 |
_aCorneille, Pierre, _d1606-1684. _tPertharite, roy des Lombards. |
|
| 700 | 1 | _aSalvi, Antonio. | |
| 700 | 1 | _aHaym, Nicola Francesco. | |
| 700 | 1 |
_aHandel, George Frideric, _d1685-1759. _tRodelinda. |
|
| 710 | 2 | _aebrary, Inc. | |
| 856 | 4 | 0 |
_uhttp://site.ebrary.com/lib/rucke/Doc?id=10480941 _zAn electronic book accessible through the World Wide Web; click to view |
| 999 |
_c118700 _d118700 |
||